000 01667cad a22002535a 4500
001 L147005
008 090323s2009 xxu f 000 0 eng d
035 _a(Sirsi) u147005
041 0 _aeng
050 0 4 _a333.33 $2 18
110 2 _aJones Lang LaSalle
_93755
245 0 0 _aOn.point, Americas research
_bUnited States industrial report, winter 2009
_h[electronic resource]
260 _a[S.l.]
_bJones Lang Lasalle
_c2009
490 0 _aOn.Point
_bAmericas Research
505 2 _aOverview of Jones Lang LaSalle logistics and industrial services -- Economy -- Industrial market -- Market statistics -- Industrial capital markets -- U.S. industrial big box sector summary -- Industrial property clock -- Local markets: Atlanta; Chicago; Dallas/Fort Worth; Houston; Northern New Jersey; Philadelphia; Southern California
520 _aReport suggests that labour and consumer markets are stuck in a vicious cycle, with industrial property and economic fundamentals deteriorating rapidly. Reports that demand has decreased and vacancy rates increased from the latter half of 2008 and into 2009, and predicts that reductions in the retail market will lead to changes in goods distribution, and may also provide opportunities for users to optimize their space requirements at a lower occupancy cost.
521 _aAdvanced
590 _aKA
651 4 _aUnited States
_y1959-
690 _aPROPERTY-COMMERCIAL PROPERTY-COMMERCIAL PROPERTY MARKET
690 _aPROPERTY-INDUSTRIAL PROPERTY
856 4 0 _uhttps://www.us.am.joneslanglasalle.com/UnitedStates/en-us/Pages/Home.aspx
_zView the report free of charge at www.us.am.joneslanglasalle.com...
942 _n0
999 _c109392
_d109392